000 00549nam a2200181Ia 4500
999 _c14662
_d14662
082 _a025.5 UNI-;
245 0 _aGuidelines for conducting information manpower surveys
260 _aParis
_bUnesco
_c1986
300 _a92p.
500 _aContents: Vol.1 Manual General Information Programme and UNISIST
650 _aLibrary science
650 _aInformation policy
650 _aSurveys
650 _aInformation service
700 _aMoore, Nick
710 _aUnited Nations. Educational, Scientific and Cultural Organization
942 _cBK